Introducción a la matemática discreta (Registro nro. 3775)

Detalles MARC
000 -Cabecera
Campo de control de longitud fija 00865aam a2200313 4500
005 - Fecha y hora de la última transacción
Campo de control 20260511192441.0
008 - Elementos de longitud fija--Información general
Campo de control de longitud fija 150309b2007 xxu||||| |||| 00| 0 spa d
041 ## - Idioma
Código de idioma Español
082 ## - Clasificación Decimal Dewey
Número de clasificación 004.015 1 M977i2
100 ## - Entrada principal--Autor personal
Nombre personal Murillo Tsijli, Manuel
245 ## - Título propiamente dicho
Título Introducción a la matemática discreta
250 ## - Edición
Mención de edición 2 edición
260 ## - Pie de imprenta
Lugar de publicación, distribución, etc. Costa Rica
260 ## - Pie de imprenta
Nombre del editor, distribuidor, etc. Editorial Tecnológica de Costa Rica
260 ## - Pie de imprenta
Fecha de publicación, distribución, etc. 2007
300 ## - Descripción física
Extensión 408 páginas
490 ## - Serie
Título de la Serie Big Data
490 ## - Serie
Título de la Serie Tecnologías de la Información
650 ## - Materia general
Temática (materia general) MATEMÁTICA PARA COMPUTACIÓN
650 ## - Materia general
Temática (materia general) PRINCIPIOS MATEMÁTICOS
650 ## - Materia general
Temática (materia general) MATEMÁTICA DISCRETA
650 ## - Materia general
Temática (materia general) LÓGICA
650 ## - Materia general
Temática (materia general) TEORÍA DE CONJUNTOS
650 ## - Materia general
Temática (materia general) RELACIONES BINARIAS
650 ## - Materia general
Temática (materia general) FUNCIONES
650 ## - Materia general
Temática (materia general) INDUCCIÓN Y RECURSIVIDAD
650 ## - Materia general
Temática (materia general) ESTRUCTURAS ALGEBRAICAS
942 ## - Punto de acceso adicional KOHA
Tipo de ítem KOHA Libro
Fuente del sistema de clasificación o colocación Dewey Decimal Classification
Existencias
Signatura completa Código de barras Programa Académico Tipo de ítem
004.015.1 M977i2 12442   Libro
004.015.1 M977i2 12732   Libro
004.015.1 M977i2 12733   Libro
004.015.1 M977i2 12734   Libro
004.015.1 M977i2 12735   Libro
004.015.1 M977i2 12736   Libro
004.015.1 M977i2 17795   Libro
004.015.1 M977i2 18357   Libro